100 Biggest Cities in Ohio on a Map - Statistics

General Stats
  • This quiz has been taken 989 times
  • The average score is 45 of 100
Answers on the Map
Answers color-coded by a green-red scale on the quiz's map according to % correct below.
 
Answer Stats
Population City % Correct
309,317 Cincinnati
98%
372,624 Cleveland
98%
905,748 Columbus
98%
190,469 Akron
96%
270,871 Toledo
96%
137,644 Dayton
94%
70,872 Canton
86%
60,068 Youngstown
86%
25,095 Sandusky
80%
58,662 Springfield
76%
81,146 Parma
73%
35,579 Lima
70%
63,399 Hamilton
69%
65,211 Lorain
68%
51,114 Cuyahoga Falls
65%
47,534 Mansfield
64%
52,656 Elyria
63%
23,849 Athens
62%
49,328 Dublin
62%
45,312 Cleveland Heights
61%
24,765 Zanesville
60%
49,692 Euclid
58%
49,934 Newark
57%
30,808 Bowling Green
56%
40,313 Findlay
56%
50,942 Lakewood
56%
39,201 Warren
56%
41,302 Delaware
55%
57,862 Kettering
55%
50,987 Middletown
54%
47,450 Mentor
52%
29,439 Shaker Heights
50%
22,059 Chillicothe
49%
35,999 Marion
49%
26,094 Medina
49%
25,441 Xenia
49%
28,215 Kent
48%
40,552 Lancaster
48%
46,491 Strongsville
47%
34,792 Mason
46%
27,232 Wooster
46%
32,146 Massillon
45%
19,225 Ashland
42%
41,252 Grove City
42%
24,847 Avon
41%
46,549 Beavercreek
41%
23,035 Oxford
41%
36,800 Upper Arlington
41%
39,190 Westerville
41%
34,228 Westlake
41%
44,907 Fairfield
39%
35,726 Gahanna
39%
20,863 Parma Heights
39%
25,041 Perrysburg
39%
25,206 Avon Lake
37%
27,475 Green
37%
41,076 Reynoldsburg
37%
29,781 Garfield Heights
36%
43,439 Huber Heights
36%
24,262 Solon
36%
26,305 Troy
36%
37,114 Hilliard
34%
20,841 Lebanon
34%
19,950 Oregon
34%
35,426 Brunswick
33%
34,483 Stow
33%
19,011 Sylvania
33%
21,672 Alliance
32%
25,571 Marysville
32%
18,443 Niles
32%
31,322 North Royalton
32%
18,545 Berea
29%
24,240 Centerville
29%
23,110 Hudson
29%
32,442 North Olmsted
29%
23,094 Pickerington
29%
20,354 Piqua
29%
19,923 Miamisburg
28%
20,312 Painesville
28%
21,755 Rocky River
28%
20,589 Sidney
28%
25,191 Barberton
27%
19,248 Twinsburg
27%
23,701 Maple Heights
26%
20,351 Mayfield Heights
26%
35,280 North Ridgeville
26%
21,883 South Euclid
26%
23,959 Willoughby
26%
29,594 Austintown
25%
19,936 Broadview Heights
25%
34,510 Fairborn
25%
20,127 Whitehall
25%
18,595 Brook Park
23%
24,007 Wadsworth
23%
19,043 Norwood
22%
19,062 Springboro
22%
23,070 Trotwood
22%
24,474 Riverside
19%
20,189 Forest Park
16%
19,541 White Oak
11%
No matching quizzes found
Score Distribution
Percent of People with Each Score
Percentile by Number Answered
Your Score History
You have not taken this quiz